| 000 | 00618nam a22002057a 4500 | ||
|---|---|---|---|
| 005 | 20140423114853.0 | ||
| 010 | _aENG-109253 | ||
| 020 |
_a9788181922458 _c900.00 |
||
| 035 | _aEN-92786 | ||
| 037 | _bDBAD/PUB | ||
| 082 | _a820.9 | ||
| 100 | _aSaini, Ajay Kumar | ||
| 245 |
_aModern English writers / _cby Ajay kumar Saini |
||
| 250 | _a | ||
| 260 |
_aJaipur _bSublime Publications _c2013 |
||
| 270 |
_a18, Jain Bhawan, Opp. N.B.C., Shanti Nagar _bJaipur _e302006 |
||
| 300 |
_avi,220p. _c22cm(Hb) |
||
| 500 | _aIncludes bibliographical references and index | ||
| 942 |
_2ddc _cEN _mSAI _h820.9 |
||
| 999 |
_c82400 _d82400 |
||